000 00495nam a2200169 i 4500
001 189478
003 SpMaBN
005 20230906223501.0
008 190604s1959 sp g |||| | baq d
080 _a891.69-192"19"
245 0 0 _aEuskal-Kantak.
260 _aBilbao :
_bEuskaltzaindiaren ardurapean :
_bVizcaina,
_c1959.
300 _a23 p. :
_bmúsica ;
_c23 cm.
650 4 _aCanciones vascas.
_9167240
650 4 _aMúsica popular-
_zPaís Vasco.
_9151518
852 _aES-MaACL
_j2340-F-28
999 _c189478
_d189478